000 00588nam a22001935i 4500
001 161631
003 ES-MaACL
005 20230906212328.0
008 041022s1863 fr |||| | fre d
040 _aCAM
_bspa
_cCAM
100 1 _aPelletan, Eugène.
_9223510
245 1 3 _aLa nouvelle Babylone /
_cEugène Pelletan.
250 _a3e éd.
260 _aParis :
_bPagnerre, libraire-éditeur,
_c1863 (
_fImprimerie de J. Claye)
300 _a388 p. ;
_c18 cm.
651 4 _aFrancia-
_xPolítica y gobierno.
_98706
852 _aES-MaACL
_jD-1320
_z-- Enc. hol.
999 _c161631
_d161631